000 00755cam a2200217 a 4500
001 000005622
005 20200929151726.0
008 770914s1944 sp 000 1 spa d
040 _aDO-SdBNP
_bspa
_cBNPHU
082 _a861.3
_bT689p
100 1 _aTorre, Francisco de la,
_d1534?-1594.
_915869
245 1 0 _aPoesías /
_cFrancisco de la Torre ; edición de Alonso Zamora Vicente.
260 _aMadrid :
_bEspasa-Calpe,
_c1944.
300 _alx, 209 p. ;
_c20 cm.
490 1 _aClásicos castellanos
_v124
504 _aBibliografía de Francisco de la Torre: p. [xlvii]-xlviii.
650 4 _aPoesía española
_9631
650 4 _aLiteratura española
_9632
700 1 _aZamora Vicente, Alonso,
_eed.
_93327
830 0 _aClásicos Castellanos ;
_v124
_94180
999 _c5421
_d5421